[Event "DMP-III LIGA Senior PK 2020"]
[Site "Bystre"]
[Date "2020.07.09"]
[Round "3.22"]
[White "Lach, Tomasz"]
[Black "Mikula, Michal"]
[Result "0-1"]
[WhiteElo "1833"]
[BlackElo "1858"]
[Annotator "NA RC"]
[PlyCount "112"]
[EventDate "2020.07.05"]
[EventType "team-tourn"]
[EventCountry "POL"]
[SourceTitle "playchess.com"]
[Source "ChessBase"]
[SourceQuality "1"]
[TimeControl "5400+30"]

{[%evp 40,101,18,11,32767,-16,13,-40,-24,-20,-18,-16,-18,-15,32767,-30,-36,-120,-118,-120,-114,32767,-130,32767,-112,-109,-108,-116,-123,-137,-129,-138,-126,32767,32767,32767,32767,-133,-5,32767,-127,-137,32767,-148,-119,32767,0,-177,-33,-113,0,-630,-704,-530,-904,-947,-1215,-1505,-29973,-1350,-29976,-29987,-4928,-29981]} 1. d4 Nf6 2. Nc3 c5 3. d5 d6 4. e4 a6 5. a4 e5 6. Bg5 {A43: Schmid Benoni.} Be7 7. Bxf6 Bxf6 8. Be2 Nd7 {[#]} 9. Bg4 $146 ({Predecessor:} 9. Nf3 Nf8 10. O-O Ng6 11. g3 Bh3 12. Re1 h5 13. Bf1 Qd7 14. Bxh3 Qxh3 15. Qe2 {½-½ (28) Felz Krueger,G (1764)-Caramia,J (2146) Villa Ballester 2012}) 9... Nf8 10. Bxc8 Rxc8 11. Nge2 Ng6 12. O-O O-O 13. a5 Qd7 14. Ng3 Nf4 15. Nh5 Nxh5 16. Qxh5 g6 17. Qe2 Bd8 18. Qd2 Qg4 19. f3 Qh5 20. Ra3 Bg5 21. Qe2 Rc7 22. Raa1 f5 23. Rad1 (23. exf5 $11 gxf5 24. f4 Qxe2 25. Nxe2) 23... Qh6 24. g3 Rcf7 25. Kg2 Bd8 26. Ra1 Qg5 27. Qd3 f4 28. g4 (28. Qd2 $15) 28... h5 29. h3 Rh7 30. Rh1 hxg4 31. hxg4 Rxh1 32. Rxh1 Bxa5 33. Ne2 Rf7 34. c3 Rh7 35. Qb1 Rh4 36. Qa1 Rxh1 37. Kxh1 Qd8 38. Kg2 b5 (38... Bb6 $17 39. Qh1 Qg5) 39. Qh1 Kg7 40. Qa1 c4 41. Ng1 Qb6 42. Qe1 Qd8 (42... g5 $17 43. Qa1 Kf6) 43. Qa1 $1 {[#]} Qc7 (43... Kh7 $1 $19 44. Ne2 Kg8) 44. Qe1 (44. Nh3 $11 {keeps the balance.}) 44... g5 (44... Bb6 $17 45. Qh4 Qd8) 45. Ne2 $2 (45. Nh3 $15 Kg6 46. Qa1) 45... Bb6 46. Ng1 Qc5 47. Nh3 Kg6 48. Qa1 a5 49. Qd1 Qe3 50. Qc2 Kf6 $19 (50... Qe1 $142 51. Nf2 Be3 52. Nh3 b4 53. cxb4 Qg3+ 54. Kf1 Qxh3+ 55. Qg2 Qxg2+ 56. Kxg2 axb4 57. Kf1 c3 58. bxc3 bxc3 59. Ke1 c2 60. Ke2 c1=Q 61. Kd3 Kh7 62. Ke2 Qd2+ 63. Kf1 Qf2#) 51. Qd1 b4 52. Qc2 Qe1 53. Qa4 Qe2+ 54. Kh1 Qxf3+ 55. Kh2 Qg3+ 56. Kh1 Qxh3# 0-1

[Event "DMP-III LIGA Senior PK 2020"]
[Site "Bystre"]
[Date "2020.07.09"]
[Round "3.23"]
[White "Sygulski, Piotr"]
[Black "Lach, Mateusz"]
[Result "0-1"]
[WhiteElo "1652"]
[BlackElo "1674"]
[Annotator "NA RC"]
[PlyCount "78"]
[EventDate "2020.07.05"]
[EventType "team-tourn"]
[EventCountry "POL"]
[SourceTitle "playchess.com"]
[Source "ChessBase"]
[SourceQuality "1"]
[TimeControl "5400+30"]

1. e4 {[%emt 0:00:00]} e6 {[%emt 0:00:00]} 2. d4 {[%emt 0:00:00]} d5 {[%emt 0:00:00]} 3. Nc3 {[%emt 0:00:23]} Bb4 {[%emt 0:00:00]} 4. e5 {[%emt 0:00:07]} c5 {[%emt 0:00:00]} 5. a3 {[%emt 0:00:01]} Bxc3+ {[%emt 0:00:08]} 6. bxc3 {[%emt 0:00:02]} Qa5 {[%emt 0:00:24]} 7. Bd2 {[%emt 0:00:43]} c4 {[%emt 0:00:26]} 8. Qg4 {[%emt 0:00:52]} Ne7 {[%emt 0:02:18]} 9. Qxg7 {[%emt 0:01:51]} Rg8 {[%emt 0:00:07]} 10. Qxh7 {[%emt 0:00:04]} Nbc6 {[%emt 0:00:37]} 11. h4 {[%emt 0:08:11]} Bd7 {[%emt 0:01:22]} 12. Qh5 {[%emt 0:01:20]} Qa4 {[%emt 0:01:03]} 13. Qd1 {[%emt 0:00:27]} O-O-O {[%emt 0:03:40]} 14. Nf3 {[%emt 0:01:46]} Rdf8 {[%emt 0:01:52]} 15. Ng5 {[%emt 0:02:08]} Rh8 {[%emt 0:00:58]} 16. g3 {[%emt 0:03:48]} f6 {[%emt 0:00:36]} 17. exf6 {[%emt 0:00:49]} Rxf6 {[%emt 0:00:08]} 18. Bh3 {[%emt 0:00:44]} Nf5 {[%emt 0:03:38]} 19. Bxf5 {[%emt 0:01:55]} exf5 {[%emt 0:02:26]} 20. f4 {[%emt 0:03:41]} Ne7 {[%emt 0:06:04]} 21. Qb1 {[%emt 0:03:17]} Rb6 {[%emt 0:05:26]} 22. Qc1 {[%emt 0:00:55]} Be8 {[%emt 0:00:49]} 23. Kf2 {[%emt 0:00:26]} Ng8 {[%emt 0:01:57]} 24. Re1 {[%emt 0:03:17]} Nf6 {[%emt 0:00:36]} 25. Re5 {[%emt 0:05:26]} Ng4+ {[%emt 0:00:43]} 26. Kg1 {[%emt 0:00:32]} Nxe5 {[%emt 0:02:33]} 27. dxe5 {[%emt 0:00:22]} Qa5 {[%emt 0:03:51]} 28. Qe1 {[%emt 0:01:18]} d4 {[%emt 0:01:06]} 29. cxd4 {[%emt 0:01:53]} Qd5 {[%emt 0:00:10]} 30. Qf2 {[%emt 0:00:56]} Bc6 {[%emt 0:00:31]} 31. Kh2 {[%emt 0:00:14]} Rb2 {[%emt 0:01:46]} 32. Bb4 {[%emt 0:00:21]} a5 {[%emt 0:00:24]} 33. Bd6 {[%emt 0:00:48]} b5 {[%emt 0:00:31]} 34. Kh3 {[%emt 0:09:38]} b4 {[%emt 0:00:47]} 35. axb4 {[%emt 0:00:35]} axb4 {[%emt 0:00:10]} 36. g4 {[%emt 0:03:51]} b3 {[%emt 0:00:40]} 37. Rc1 {[%emt 0:01:16]} Rxc2 {[%emt 0:00:42]} 38. Rxc2 {[%emt 0:01:07]} bxc2 {[%emt 0:04:10]} 39. Qxc2 {[%emt 0:00:25]} Qh1+ {[%emt 0:00:30]} 0-1

[Event "DMP-III LIGA Senior PK 2020"]
[Site "Bystre"]
[Date "2020.07.09"]
[Round "3.24"]
[White "Wladyka, Angelika"]
[Black "Zgoda, Aleksandra"]
[Result "1/2-1/2"]
[WhiteElo "1601"]
[BlackElo "1203"]
[Annotator "NA RC"]
[PlyCount "109"]
[EventDate "2020.07.05"]
[EventType "team-tourn"]
[EventCountry "POL"]
[SourceTitle "playchess.com"]
[Source "ChessBase"]
[SourceQuality "1"]
[TimeControl "5400+30"]

1. e4 {[%emt 0:00:00]} c5 {[%emt 0:00:00]} 2. c3 {[%emt 0:00:00]} e6 {[%emt 0:00:15]} 3. d4 {[%emt 0:00:00]} cxd4 {[%emt 0:00:15]} 4. cxd4 {[%emt 0:00:00]} Nf6 {[%emt 0:01:01]} 5. Bd3 {[%emt 0:02:27]} Nc6 {[%emt 0:01:26]} 6. Nf3 {[%emt 0:01:02]} Nb4 {[%emt 0:02:11]} 7. Nc3 {[%emt 0:01:35]} Nxd3+ {[%emt 0:00:56]} 8. Qxd3 {[%emt 0:00:08]} d6 {[%emt 0:01:59]} 9. Bg5 {[%emt 0:02:38]} Be7 {[%emt 0:01:24]} 10. O-O {[%emt 0:00:44]} a6 {[%emt 0:01:30]} 11. Rfd1 {[%emt 0:15:00]} b5 {[%emt 0:04:41]} 12. Rac1 {[%emt 0:04:51]} Bb7 {[%emt 0:04:06]} 13. e5 {[%emt 0:16:46]} Nd5 {[%emt 0:07:55]} 14. Bxe7 {[%emt 0:03:40]} Qxe7 {[%emt 0:01:26]} 15. exd6 {[%emt 0:02:41]} Qxd6 {[%emt 0:01:32]} 16. Ne4 {[%emt 0:01:29]} Qe7 {[%emt 0:02:24]} 17. Nc5 {[%emt 0:15:10]} O-O {[%emt 0:08:08]} 18. Nxb7 {[%emt 0:04:12]} Qxb7 {[%emt 0:01:57]} 19. Ng5 {[%emt 0:01:42]} g6 {[%emt 0:01:57]} 20. Qh3 {[%emt 0:04:04]} h5 {[%emt 0:04:11]} 21. Qf3 {[%emt 0:02:40]} Rac8 {[%emt 0:05:28]} 22. Ne4 {[%emt 0:01:18]} Qe7 {[%emt 0:02:39]} 23. Rxc8 {[%emt 0:03:47]} Rxc8 {[%emt 0:02:09]} 24. Nc5 {[%emt 0:00:28]} a5 {[%emt 0:05:43]} 25. Re1 {[%emt 0:01:00]} Qf6 {[%emt 0:03:12]} 26. Qxf6 {[%emt 0:07:05]} Nxf6 {[%emt 0:00:26]} 27. f3 {[%emt 0:01:26]} Kf8 {[%emt 0:00:52]} 28. Kf2 {[%emt 0:00:13]} Nd5 {[%emt 0:02:04]} 29. a3 {[%emt 0:01:56]} Ke7 {[%emt 0:01:25]} 30. g3 {[%emt 0:00:41]} a4 {[%emt 0:01:55]} 31. f4 {[%emt 0:00:54]} Kd6 {[%emt 0:02:15]} 32. Rc1 {[%emt 0:01:25]} Nb6 {[%emt 0:01:32]} 33. Ke2 {[%emt 0:03:02]} Kd5 {[%emt 0:00:23]} 34. Kd3 {[%emt 0:00:22]} Nc4 {[%emt 0:01:43]} 35. Rc2 {[%emt 0:00:08]} Rg8 {[%emt 0:01:24]} 36. h4 {[%emt 0:01:04]} Nd6 {[%emt 0:02:35]} 37. Nd7 {[%emt 0:00:38]} Ne8 {[%emt 0:02:56]} 38. Rc5+ {[%emt 0:01:15]} Kd6 {[%emt 0:00:32]} 39. Ne5 {[%emt 0:00:32]} f6 {[%emt 0:03:45]} 40. Nf3 {[%emt 0:00:54]} Nc7 {[%emt 0:01:06]} 41. Ng1 {[%emt 0:00:30]} Rb8 {[%emt 0:01:06]} 42. Ne2 {[%emt 0:00:20]} b4 {[%emt 0:01:06]} 43. axb4 {[%emt 0:00:34]} Rxb4 {[%emt 0:00:10]} 44. Rc2 {[%emt 0:00:40]} Nd5 {[%emt 0:01:44]} 45. Kd2 {[%emt 0:00:40]} e5 {[%emt 0:02:40]} 46. dxe5+ {[%emt 0:00:06]} fxe5 {[%emt 0:00:14]} 47. fxe5+ {[%emt 0:00:05]} Kxe5 {[%emt 0:00:15]} 48. Nc1 {[%emt 0:01:01]} Rg4 {[%emt 0:01:46]} 49. Ne2 {[%emt 0:00:33]} Nf6 {[%emt 0:02:45]} 50. Ke3 {[%emt 0:00:31]} g5 {[%emt 0:02:01]} 51. hxg5 {[%emt 0:00:26]} Rxg5 {[%emt 0:00:58]} 52. Rc4 {[%emt 0:00:43]} Rg4 {[%emt 0:01:11]} 53. Rc8 {[%emt 0:00:44]} Rb4 {[%emt 0:01:23]} 54. Rc2 {[%emt 0:00:03]} Rb3+ {[%emt 0:01:01]} 55. Nc3 {[%emt 0:00:59]} 1/2-1/2

[Event "DMP-III LIGA Senior PK 2020"]
[Site "Bystre"]
[Date "2020.07.09"]
[Round "3.25"]
[White "Miasik, Adrian"]
[Black "Kopacz, Lukasz"]
[Result "1-0"]
[WhiteElo "1881"]
[BlackElo "1913"]
[Annotator "TA"]
[PlyCount "97"]
[EventDate "2020.07.05"]
[EventType "team-tourn"]
[EventCountry "POL"]
[SourceTitle "playchess.com"]
[Source "ChessBase"]
[SourceQuality "1"]

{[%evp 9,97,69,96,102,104,74,100,66,69,70,87,61,108,65,89,89,105,100,211,211,211,210,226,180,208,180,216,180,229,180,228,228,228,191,228,228,228,228,228,212,228,167,167,167,167,167,167,167,167,149,156,149,149,149,149,149,149,149,167,167,208,208,194,175,472,463,466,438,426,412,2920,3245,2889,2767,29966,29968,29968,29969,29971,29972,29971,29972,29971,29972,3048,1896,29989,29987,29988,29989]} 1. d4 c5 2. d5 e5 3. c4 d6 4. Nc3 a6 5. e4 g6 6. Bd3 {A44: Semi-Benoni.} Bg7 7. Nf3 Bg4 8. h3 {White is better.} Bxf3 9. Qxf3 {[#]} Nd7 $146 {White stays focused until the end.} ({Predecessor:} 9... Ne7 10. a4 O-O 11. g4 Nd7 12. h4 h6 13. h5 g5 14. a5 b6 15. axb6 Qxb6 {½-½ (73) Ascic,I (2045)-Pahor,A (2063) Rabac 2004}) 10. Rb1 Ne7 11. Be3 O-O 12. g4 f6 13. h4 g5 (13... f5 $16 {is a better defense.}) 14. h5 $18 h6 15. Kf1 b6 16. b4 Rb8 17. Kg2 Qc7 18. Rhc1 Rfc8 19. bxc5 bxc5 20. Qd1 Nb6 21. Na4 Nd7 22. Bd2 Rxb1 23. Rxb1 ({Much less strong is} 23. Bxb1 $6 Rb8 $16) 23... Rb8 24. Rb3 Nc8 25. Qb1 Bf8 26. Nc3 {[%cal Ba4c3,Bc3d1,Bd1e3][%mdl 32]} Be7 27. Nd1 Bd8 28. Ne3 Ne7 29. Qb2 Kf7 30. Bc2 Rxb3 31. Bxb3 Qb7 32. Qc2 Bb6 33. Qd1 Kg7 34. Ba4 {Strongly threatening Qb3.} Nf8 35. Qb3 Qc7 36. Be8 Ba7 $2 {[#]} (36... Qa7 37. a4 Qc7) 37. Qa4 Qb7 38. Bg6 Nfxg6 39. hxg6 Qc8 (39... Bb6 $142 40. Qe8 Nxg6 41. Nf5+ Kh7) 40. Nf5+ Nxf5 41. gxf5 Bb6 42. Ba5 Bxa5 43. Qxa5 {[%mdl 4096] Endgame KQ-KQ} h5 44. Qb6 Qd7 45. Qc6 Qe7 46. Qxa6 Kh6 47. Qc8 {[#] White wants to mate with Qh8+.} Kg7 48. a4 {[%cal Ba2a4,Ba4a5][%mdl 32]} Qa7 49. a5 {Accuracy: White = 77%, Black = 58%.} 1-0

[Event "DMP-III LIGA Senior PK 2020"]
[Site "Bystre"]
[Date "2020.07.09"]
[Round "3.26"]
[White "Baniak, Lukasz"]
[Black "Ciasnocha, Michal"]
[Result "0-1"]
[WhiteElo "1939"]
[BlackElo "1795"]
[Annotator "TA"]
[PlyCount "36"]
[EventDate "2020.07.05"]
[EventType "team-tourn"]
[EventCountry "POL"]
[SourceTitle "playchess.com"]
[Source "ChessBase"]
[SourceQuality "1"]

{[%evp 12,36,14,17,25,15,26,21,33,35,37,-48,-54,-347,-349,-358,-350,-627,-612,-635,-625,-623,-437,-1211,-1210,-1140,-1114]} 1. e4 e5 2. Nc3 Nc6 3. f4 d6 4. Nf3 Nf6 5. Bc4 Be7 6. O-O O-O 7. d3 Na5 {C28: Vienna Game: 2...Nf6 3 Bc4 Nc6.} 8. Bb3 Nxb3 9. axb3 Re8 {The position is equal.} 10. fxe5 dxe5 11. Be3 {[#]} (11. Qe1 $14) 11... Ng4 $146 ({Predecessor:} 11... Bf8 12. Bg5 Qd6 13. Qe1 h6 14. Bh4 Nh7 15. Bg3 Bg4 16. Kh1 Bxf3 17. gxf3 c6 {1-0 (62) Salles,H-Seabra,G Campinas 1962}) 12. Bxa7 $2 {[%mdl 8192] [#]} ({White should play} 12. Nd5 $15) 12... Rxa7 $1 $19 {[%mdl 576] Remove Defender} 13. Rxa7 Bc5+ {[%mdl 64] Double Attack} 14. d4 $2 (14. Kh1 Bxa7 15. Qd2) 14... Bxa7 {Black is clearly winning.} 15. Nb5 Bxd4+ 16. Nfxd4 exd4 17. Rf4 (17. Qxd4 $142 Qxd4+ 18. Nxd4) 17... Qg5 {[%mdl 64] [#] Double Attack} 18. Qf3 Qxb5 {White got outplayed after the opening. Accuracy: White = 18%, Black = 91%.} 0-1

[Event "DMP-III LIGA Senior PK 2020"]
[Site "Bystre"]
[Date "2020.07.09"]
[Round "3.27"]
[White "Babiarz, Arkadiusz"]
[Black "Biesiadecki, Adam"]
[Result "1-0"]
[WhiteElo "1840"]
[BlackElo "1539"]
[Annotator "NA RC"]
[PlyCount "67"]
[EventDate "2020.07.05"]
[EventType "team-tourn"]
[EventCountry "POL"]
[SourceTitle "playchess.com"]
[Source "ChessBase"]
[SourceQuality "1"]
[TimeControl "5400+30"]

1. c4 {[%emt 0:00:00]} Nf6 {[%emt 0:00:00]} 2. g3 {[%emt 0:00:00]} e6 {[%emt 0:00:14]} 3. Bg2 {[%emt 0:00:22]} c5 {[%emt 0:00:22]} 4. e4 {[%emt 0:04:20]} Nc6 {[%emt 0:01:18]} 5. Nc3 {[%emt 0:00:12]} b6 {[%emt 0:00:40]} 6. e5 {[%emt 0:01:42] A36: Symmetrical English vs ...g6: 4 Bg2 Bg7.} Ng8 {[%emt 0:00:02]} 7. Nge2 {[%emt 0:02:05]} Rb8 {[%emt 0:00:29] [#]} 8. d4 $146 {[%emt 0:00:57]} ({Predecessor:} 8. f4 Bb7 9. O-O d6 10. Qa4 Qd7 11. exd6 Bxd6 12. d3 Nf6 13. h3 O-O 14. Be3 {1-0 (50) Smith,R (2333)-Selnes,H (1957) Sydney 2008}) 8... Nxd4 {[%emt 0:00:38]} 9. Nxd4 {[%emt 0:00:32]} cxd4 {[%emt 0:00:30]} 10. Qxd4 {[%emt 0:02:51]} a6 {[%emt 0:02:15]} 11. O-O {[%emt 0:03:45]} Bb7 {[%emt 0:02:03]} 12. Bxb7 {[%emt 0:07:26]} Rxb7 {[%emt 0:00:02]} 13. Ne4 {[%emt 0:00:09]} f5 {[%emt 0:05:31]} 14. Bg5 {[%emt 0:05:27]} Qb8 {[%emt 0:00:32]} 15. Nd6+ {[%emt 0:00:16]} Bxd6 {[%emt 0:00:11]} 16. exd6 {[%emt 0:00:03]} Kf7 {[%emt 0:00:07]} 17. g4 {[%emt 0:03:08]} fxg4 {[%emt 0:00:43]} 18. f4 {[%emt 0:01:56]} Nf6 {[%emt 0:02:32]} 19. Rae1 {[%emt 0:04:44]} Re8 {[%emt 0:01:31]} 20. Re5 {[%emt 0:00:15]} Qd8 {[%emt 0:03:35]} 21. f5 {[%emt 0:00:19]} Rb8 {[%emt 0:01:21]} 22. fxe6+ {[%emt 0:08:11]} Rxe6 {[%emt 0:02:14]} 23. Ref5 {[%emt 0:05:24]} Rc8 {[%emt 0:03:47]} 24. b4 {[%emt 0:06:40]} Qh8 {[%emt 0:03:01]} 25. Qd5 {[%emt 0:07:17]} Kg6 {[%emt 0:00:50]} 26. Rxf6+ {[%emt 0:02:38]} gxf6 {[%emt 0:02:54]} 27. Qf5+ {[%emt 0:00:08]} Kf7 {[%emt 0:00:19]} 28. Bxf6 {[%emt 0:01:13]} Qg8 $2 {[%emt 0:02:15]} (28... Rxf6 $11 29. Qxd7+ Kg6 30. Qxg4+ Kf7 31. Qd7+ Kg6 32. Qg4+ Kf7 33. Qd7+ Kg6 34. Qg4+) 29. Be7+ {[%emt 0:04:13]} Kg7 {[%emt 0:00:14]} 30. Bf6+ {[%emt 0:08:49]} Kf7 $1 {[%emt 0:01:08]} 31. Be7+ $2 {[%emt 0:00:30]} (31. Qf4 $18 a5 32. bxa5 bxa5 {[#]} 33. c5 $1 {[%mdl 512]}) 31... Kg7 {[%emt 0:00:09]} 32. Qg5+ {[%emt 0:13:27]} (32. Rf4 $5 {[%cal Rc4c5]}) 32... Rg6 {[%emt 0:02:23]} (32... Kh8 $11 33. Bf6+ Rxf6 34. Qxf6+ Qg7) 33. Bf6+ {[%emt 0:01:38]} Kf7 {[%emt 0:01:18]} 34. Ba1+ {[%emt 0:00:30]} 1-0

[Event "DMP-III LIGA Senior PK 2020"]
[Site "Bystre"]
[Date "2020.07.09"]
[Round "3.28"]
[White "Juszczuk, Grzegorz"]
[Black "Ziemniak, Piotr"]
[Result "1/2-1/2"]
[WhiteElo "1809"]
[BlackElo "1791"]
[Annotator "NA RC"]
[PlyCount "77"]
[EventDate "2020.07.05"]
[EventType "team-tourn"]
[EventCountry "POL"]
[SourceTitle "playchess.com"]
[Source "ChessBase"]
[SourceQuality "1"]
[TimeControl "5400+30"]

1. d4 {[%emt 0:00:00]} d6 {[%emt 0:00:00]} 2. Nf3 {[%emt 0:00:00]} Nf6 {[%emt 0:00:09]} 3. Bf4 {[%emt 0:00:03]} g6 {[%emt 0:00:56]} 4. e3 {[%emt 0:00:13]} Bg7 {[%emt 0:02:16]} 5. Be2 {[%emt 0:00:15]} c5 {[%emt 0:01:00]} 6. c3 {[%emt 0:01:17] A48: 1 d4 Nf6 2 Nf3 g6: Torre, London and Colle Systems.} cxd4 {[%emt 0:01:24]} 7. cxd4 {[%emt 0:00:26]} Qa5+ {[%emt 0:03:47]} 8. Nbd2 {[%emt 0:00:47]} O-O {[%emt 0:09:23]} 9. O-O {[%emt 0:03:39]} Nc6 {[%emt 0:04:40] [#]} 10. h3 $146 {[%emt 0:01:31]} ({Predecessor:} 10. Nc4 Qd8 11. d5 Na5 12. b4 Nxc4 13. Bxc4 Nh5 14. Rc1 Nxf4 15. exf4 Qb6 16. Qd2 {0-1 (33) Hestvik,M-Haddock,P (1580) Caleta 2019}) 10... e5 {[%emt 0:05:20]} 11. Nc4 {[%emt 0:04:38]} Qc7 {[%emt 0:05:45]} 12. dxe5 {[%emt 0:00:26]} dxe5 {[%emt 0:03:38]} 13. Nfxe5 {[%emt 0:02:07]} Rd8 {[%emt 0:10:03]} 14. Qa4 {[%emt 0:11:38]} Nxe5 {[%emt 0:04:02]} 15. Nxe5 {[%emt 0:03:28]} Qe7 {[%emt 0:06:06]} 16. Nf3 {[%emt 0:03:31]} Nd5 {[%emt 0:01:59]} 17. Bg5 {[%emt 0:01:38]} f6 {[%emt 0:05:16]} 18. Bh4 {[%emt 0:00:11]} Kh8 {[%emt 0:00:30]} 19. Nd4 {[%emt 0:05:45]} g5 {[%emt 0:02:56]} 20. Bg3 {[%emt 0:00:10]} f5 {[%emt 0:00:08]} 21. Rfe1 {[%emt 0:09:30]} f4 $1 {[%emt 0:04:48]} 22. exf4 {[%emt 0:02:50]} gxf4 $2 {[%emt 0:01:43]} (22... Nb6 $1 $11 23. Qb5 Bxd4) 23. Bf3 {[%emt 0:01:27]} Nb6 {[%emt 0:08:21]} (23... Bd7 $142 24. Rxe7 Bxa4 25. Rxg7 Kxg7) 24. Qb5 $2 {[%emt 0:05:55]} (24. Rxe7 $18 Nxa4 25. Bh4 (25. Rxg7 fxg3 26. Rf7 gxf2+ 27. Kxf2 Rxd4 $11)) 24... Qf8 {[%emt 0:04:36] [#]} 25. Bh4 $1 {[%emt 0:01:21]} Bd7 {[%emt 0:02:26]} 26. Qd3 {[%emt 0:08:17]} Bf5 $2 {[%emt 0:05:55]} (26... Bc6 $1 $14 27. Bxd8 Rxd8) 27. Qb3 $2 {[%emt 0:04:11]} (27. Qxf5 $18 Rxd4 28. Qh5) 27... Rxd4 {[%emt 0:00:35]} 28. Bxb7 {[%emt 0:00:27]} Rb8 {[%emt 0:00:48]} 29. Bf3 $2 {[%emt 0:00:04]} (29. Be7 Qg8 30. Qxg8+ Rxg8 31. Rac1) 29... Nc4 {[%emt 0:01:58] Discovered Attack} 30. Qa4 $19 {[%emt 0:00:32]} Ne5 {[%emt 0:00:53]} 31. Qxa7 {[%emt 0:00:14]} Nxf3+ {[%emt 0:00:16]} 32. gxf3 {[%emt 0:00:02]} Rd7 {[%emt 0:00:28]} 33. Qa4 {[%emt 0:00:43]} Rdb7 {[%emt 0:01:16]} 34. Re2 {[%emt 0:00:42]} Bxh3 {[%emt 0:00:33]} 35. Rae1 {[%emt 0:00:44]} Bd7 {[%emt 0:00:36]} 36. Qa5 {[%emt 0:01:34]} Qf7 {[%emt 0:01:49]} 37. Re7 {[%emt 0:02:11]} Qg6+ {[%emt 0:00:41]} 38. Kh2 {[%emt 0:00:07]} Qh6 {[%emt 0:00:55]} 39. Qg5 {[%emt 0:00:44]} 1/2-1/2

[Event "DMP-III LIGA Senior PK 2020"]
[Site "Bystre"]
[Date "2020.07.09"]
[Round "3.30"]
[White "Krzyzanowska-Zadlo, Lidia"]
[Black "Polak, Sylwia"]
[Result "1-0"]
[WhiteElo "1801"]
[BlackElo "1614"]
[Annotator "NA RC"]
[PlyCount "57"]
[EventDate "2020.07.05"]
[EventType "team-tourn"]
[EventCountry "POL"]
[SourceTitle "playchess.com"]
[Source "ChessBase"]
[SourceQuality "1"]
[TimeControl "5400+30"]

1. Nf3 {[%emt 0:00:00]} d5 {[%emt 0:00:00]} 2. d4 {[%emt 0:00:34]} Nf6 {[%emt 0:00:00]} 3. g3 {[%emt 0:03:35]} e6 {[%emt 0:00:57]} 4. Bg2 {[%emt 0:00:30]} c5 {[%emt 0:01:39]} 5. c4 {[%emt 0:06:59]} Nc6 {[%emt 0:03:29]} 6. cxd5 {[%emt 0:01:16]} Nxd5 {[%emt 0:02:55]} 7. O-O {[%emt 0:02:46]} Be7 {[%emt 0:03:46]} 8. Nc3 {[%emt 0:04:25]} Nxc3 {[%emt 0:08:19]} 9. bxc3 {[%emt 0:00:42]} O-O {[%emt 0:00:41]} 10. e4 {[%emt 0:02:42]} cxd4 {[%emt 0:03:28]} 11. cxd4 {[%emt 0:00:11]} Qa5 {[%emt 0:00:53] [#] D41: Queen's Gambit Declined: Semi-Tarrasch with 5 cxd5.} 12. Qe2 $146 {[%emt 0:05:54]} ({Predecessor:} 12. Qb3 Rd8 13. Bb2 Qb4 14. Rfd1 Na5 15. Qxb4 Bxb4 16. Rac1 Bd7 17. d5 exd5 18. exd5 f6 19. Nd4 {1-0 (27) Sharashenidze,A (2343)-Jelinek,M (2101) Czech Republic 2016}) 12... Rd8 {[%emt 0:04:07]} 13. Rd1 {[%emt 0:01:11]} Bf6 {[%emt 0:04:18]} 14. Be3 {[%emt 0:04:54]} Bd7 {[%emt 0:15:18]} 15. Rab1 {[%emt 0:04:25]} b6 {[%emt 0:04:28]} 16. e5 {[%emt 0:05:36]} Be7 {[%emt 0:00:33]} 17. Nd2 {[%emt 0:06:46]} Rac8 {[%emt 0:02:08]} 18. Ne4 {[%emt 0:08:33]} Nb4 {[%emt 0:02:58]} 19. Qg4 {[%emt 0:04:49]} Nd5 {[%emt 0:14:18]} 20. Bh6 {[%emt 0:01:16]} Bf8 {[%emt 0:00:27]} 21. Bxg7 $2 {[%emt 0:08:16]} (21. Rdc1 $14 {stays ahead.}) 21... Bxg7 {[%emt 0:00:57]} 22. Nf6+ {[%emt 0:00:34]} Kh8 {[%emt 0:08:12]} 23. Bxd5 {[%emt 0:04:00]} Bxf6 $1 {[%emt 0:01:13]} 24. Be4 $2 {[%emt 0:00:15] [#]} ({But not} 24. exf6 $2 Rg8 $19) (24. Bb7 $17 {was the only chance.} Bg7 25. Bxc8 Rxc8 26. Rbc1) 24... Bxe5 $4 {[%emt 0:02:53] [#]} (24... Bg7 $1 $19 {and all is fine.} 25. Qf4 Be8) 25. Qh4 $1 {[%emt 0:05:22]} f5 {[%emt 0:00:28]} 26. dxe5 $18 {[%emt 0:01:00]} Qxe5 {[%emt 0:04:39]} 27. Bb7 {[%emt 0:00:40]} Rb8 {[%emt 0:00:38]} 28. Rbc1 {[%emt 0:00:44]} Kg7 {[%emt 0:05:51]} 29. Qe7+ {[%emt 0:00:23]} 1-0

[Event "DMP-III LIGA Senior PK 2020"]
[Site "Bystre"]
[Date "2020.07.10"]
[Round "4.2"]
[White "Baniak, Lukasz"]
[Black "Socha, Kamil"]
[Result "0-1"]
[WhiteElo "1939"]
[BlackElo "1817"]
[Annotator "TA"]
[PlyCount "68"]
[EventDate "2020.07.05"]
[EventType "team-tourn"]
[EventCountry "POL"]
[SourceTitle "playchess.com"]
[Source "ChessBase"]
[SourceQuality "1"]

{[%evp 11,68,63,74,71,90,83,83,77,85,52,101,0,0,0,-2,0,66,26,89,91,71,97,58,54,37,44,38,41,44,25,17,4,61,73,69,-123,-123,-119,-142,-125,-125,-161,-162,-283,-231,-252,-232,-850,-808,-1037,-1000,-29988,-29989,-29991,-29988,-29988,-29989,-29996,-2106]} 1. e4 c5 2. Nc3 Nc6 3. f4 g6 4. Nf3 Bg7 5. Bb5 e6 6. Bxc6 dxc6 7. O-O {B23: Closed Sicilian: Lines without g3.} Nf6 8. d3 O-O 9. Qe1 {White is better.} b6 10. Qh4 {[#]} c4 $146 ({Predecessor:} 10... Nd7 11. Ng5 h6 12. f5 hxg5 13. Bxg5 Bf6 14. fxg6 fxg6 15. Rxf6 Nxf6 16. e5 Qd4+ 17. Qxd4 cxd4 {0-1 (17) Ospina,S (1707)-Cardenas,A (2036) Tunja 2018}) 11. f5 (11. dxc4 $16 Nd7 12. Qxd8 Rxd8 13. e5) 11... exf5 $11 12. Bg5 $1 h6 13. Bxh6 {Strongly threatening Bg5.} Bxh6 (13... Ng4 $1 $11 14. Bxg7 Kxg7) 14. Qxh6 $14 {And now Ng5 would win.} Ng4 {[#]} (14... cxd3 $11 {remains equal.} 15. cxd3 Ng4) 15. Qf4 $1 $16 cxd3 16. h3 Nf6 17. e5 Nh7 18. Rad1 Qe7 19. cxd3 Be6 20. h4 Rad8 21. d4 b5 (21... Kg7 $11) 22. b3 $14 Kg7 23. g4 $2 (23. Rc1 $14) 23... fxg4 $17 24. Ng5 Nxg5 25. hxg5 Bf5 26. Kg2 Rh8 27. Ne2 (27. Ne4 $142) 27... Rh3 28. Ng3 Qe6 29. Nxf5+ $2 (29. Kf2) 29... gxf5 $19 30. d5 Rxd5 31. Rxd5 Qxd5+ {Black mates.} 32. Kg1 Qh1+ 33. Kf2 Rf3+ {[%mdl 64] [#] Double Attack} 34. Ke2 Qxf1+ {Accuracy: White = 51%, Black = 77%.} 0-1